Athbhutangalum pravajanavum / (Record no. 4790)

MARC details
000 -LEADER
fixed length control field 00683nam a2200229Ia 4500
003 - CONTROL NUMBER IDENTIFIER
control field OSt
005 - DATE AND TIME OF LATEST TRANSACTION
control field 20250206101953.0
008 - FIXED-LENGTH DATA ELEMENTS--GENERAL INFORMATION
fixed length control field 210324s9999||||xx |||||||||||||| ||und||
040 ## - CATALOGING SOURCE
Transcribing agency STCPL
041 ## - LANGUAGE CODE
Language code of text/sound track or separate title Malayalam
082 ## - DEWEY DECIMAL CLASSIFICATION NUMBER
Classification number 204
Item number THO-A
100 ## - MAIN ENTRY--PERSONAL NAME
Personal name Muthedan, Thomas
Author in other language തോമസ് മുത്തേടൻ
245 #0 - TITLE STATEMENT
Title Athbhutangalum pravajanavum /
Statement of responsibility, etc. by Thomas Muthedan
Title in other language അത്ഭുതങ്ങളും പ്രവചനവും
260 ## - PUBLICATION, DISTRIBUTION, ETC.
Place of publication, distribution, etc. Mannanam :
Name of publisher, distributor, etc. St. Joseph's Press ,
Date of publication, distribution, etc. 1956 .
300 ## - PHYSICAL DESCRIPTION
Extent 39 p.
Other physical details Paper Back
650 ## - SUBJECT ADDED ENTRY--TOPICAL TERM
Topical term or geographic name entry element Religion
650 ## - SUBJECT ADDED ENTRY--TOPICAL TERM
Topical term or geographic name entry element Christianity
650 ## - SUBJECT ADDED ENTRY--TOPICAL TERM
Topical term or geographic name entry element Religious experiences
650 ## - SUBJECT ADDED ENTRY--TOPICAL TERM
Topical term or geographic name entry element Christian prophecies
942 ## - ADDED ENTRY ELEMENTS (KOHA)
Koha item type Books
942 ## - ADDED ENTRY ELEMENTS (KOHA)
Source of classification or shelving scheme Dewey Decimal Classification
Suppress in OPAC No
Holdings
Withdrawn status Lost status Source of classification or shelving scheme Damaged status Collection code Not for loan Home library Current library Shelving location Date acquired Total Checkouts Full call number Barcode Date last seen Price effective from Koha item type
    Dewey Decimal Classification   Religion & Philosophy Reference Book ST. THOMAS COLLEGE LIBRARY, PALAI ST. THOMAS COLLEGE LIBRARY, PALAI Religion, Philosophy & Psychology - Reference 2021-07-10   204 THO-A 8534 2021-07-10 2021-07-10 Books
Rights reserved ©2021 ST. THOMAS COLLEGE LIBRARY
A joint venture of - St. Thomas College Library and
Department of Computer Science, St. Thomas Collge Palai